Văn hóa học
Guardat en:
| Autor principal: | |
|---|---|
| Format: | Llibre |
| Idioma: | Vietnamese |
| Publicat: |
H.
Văn hóa - Thông tin
1997
|
| Matèries: | |
| Etiquetes: |
Afegir etiqueta
Sense etiquetes, Sigues el primer a etiquetar aquest registre!
|
| Thư viện lưu trữ: | Mạng thư viện Đại học Đà Nẵng |
|---|
| LEADER | 00901nam a2200289 4500 | ||
|---|---|---|---|
| 001 | 000014889 | ||
| 003 | 11259 | ||
| 005 | 20120516100526.0 | ||
| 008 | 120516s1997 viesd | ||
| 020 | |c 42000đ | ||
| 041 | 0 | |a vie | |
| 082 | |a 306.43 |b ĐO-C | ||
| 100 | 0 | |a Đoàn Văn Chúc | |
| 245 | 0 | |a Văn hóa học |c Đoàn Văn Chúc | |
| 260 | |a H. |b Văn hóa - Thông tin |c 1997 | ||
| 300 | |a 397 tr. |c 21 cm | ||
| 653 | |a Văn hóa học | ||
| OWN | |a LSP | ||
| AVA | |a UDN50 |b LSP |d 306.43 ĐO-C |e available |t Error 5001 Not defined in file expand_doc_bib_avail. |f 1 |g 0 |h N |i 0 |k 1 | ||
| 999 | |a From the UDN01 | ||
| AVA | |a UDN50 |b LSP |d 306.43 ĐO-C |e available |t Error 5001 Not defined in file expand_doc_bib_avail. |f 1 |g 0 |h N |i 0 |k 1 | ||
| TYP | |a Monograph | ||
| TYP | |a Printed language | ||
| 980 | |a Mạng thư viện Đại học Đà Nẵng | ||